Central Library OPAC University of Rajshahi

Solar system dynamics / (Record no. 69629)

MARC details
000 -LEADER
fixed length control field 00877nam a2200277 a 4500
001 - CONTROL NUMBER
control field 69629
003 - CONTROL NUMBER IDENTIFIER
rucl marc code BD-RjUL
005 - DATE AND TIME OF LATEST TRANSACTION
control field 20211209081917.0
008 - FIXED-LENGTH DATA ELEMENTS--GENERAL INFORMATION
fixed length control field 170412s20061999nyua b 001 0 eng
020 ## - INTERNATIONAL STANDARD BOOK NUMBER
International Standard Book Number 0521572959 (hc.)
International Standard Book Number 0521575974 (pbk.)
035 ## - SYSTEM CONTROL NUMBER
System control number (BD-RjUL)69841
040 ## - CATALOGING SOURCE
Original cataloging agency DLC
Transcribing agency DLC
Modifying agency DLC
-- BD-RjUL
Language of cataloging eng
041 ## - LANGUAGE CODE
Language code of text/sound track or separate title eng
082 00 - DEWEY DECIMAL CLASSIFICATION NUMBER
Classification number 523.2
Edition number 23
Author mark and year MUS 2006
100 1# - MAIN ENTRY--PERSONAL NAME
Personal name Murray, Carl D.
9 (RLIN) 206241
245 10 - TITLE STATEMENT
Title Solar system dynamics /
Statement of responsibility, etc. Carl D. Murray and Stanley F. Dermott.
260 ## - PUBLICATION, DISTRIBUTION, ETC. (IMPRINT)
Place of publication, distribution, etc. New York :
Name of publisher, distributor, etc. Cambridge University Press,
Date of publication, distribution, etc. c1999 [reprint 2006]
300 ## - PHYSICAL DESCRIPTION
Pagination xiii, 592 p. :
Illustrations ill. ;
Size 26 cm.
504 ## - BIBLIOGRAPHY, ETC. NOTE
Bibliography, etc Includes bibliographical references (p. 557-575) and index.
650 #0 - SUBJECT ADDED ENTRY--TOPICAL TERM
Topical term or geographic name as entry element Celestial mechanics.
9 (RLIN) 153206
651 #0 - SUBJECT ADDED ENTRY--GEOGRAPHIC NAME
Geographic name Solar system.
9 (RLIN) 159265
700 1# - ADDED ENTRY--PERSONAL NAME
Personal name Dermott, S. F.
942 ## - ADDED ENTRY ELEMENTS (KOHA)
Source of classification or shelving scheme Dewey Decimal Classification
Koha item type Audio Visual (AV) Materials
Holdings
Lost status Source of classification or shelving scheme Damaged status Not for loan Collection code Permanent Location Current Location Shelving location Date acquired Source of acquisition Cost, normal purchase price Total Checkouts Full call number Date last seen Copy number Koha item type
  Dewey Decimal Classification   Not For Loan Non-fiction Central Library, University of Rajshahi Central Library, University of Rajshahi Reading Room 18/06/2009 Dhaka, Ahsania mission book dis. home. 4206.80   523.2 MUS 2006 12/04/2017 C-1 Audio Visual (AV) Materials